Statistics for 5 Largest Cities in New Mexico

Click here to take the quiz!

General Stats

  • This quiz has been taken 15 times
  • The average score is 4 of 5

Answer Stats

Population City % Correct
545,852Albuquerque
100%
67,947Santa Fe
100%
97,618Las Cruces
77%
48,366Roswell
77%
87,521Rio Rancho
54%

Score Distribution

Percentile by Number Answered

Percent of People with Each Score

Your Score History

You have not taken this quiz